=LDR 00000nam 2200000 4500 =001 INLIS000000000048656 =005 20161207081520.0 =006 =007 =008 =020 ##$$a 978-979-29-4128-9 =035 ##$$0010-121600000000042 =040 ##$$a NBPDMAT =082 ##$$a 352.6 =090 ##$$a 352.6$bAbi r =100 ##$$a Abidarin Rosidi =245 ##$$a Reinventing Government $b : Dekokrasi dan reformasi pelayanan publik $c / Dr. Abidarin Rosidi dan R. Anggraeni Fajriani, SE. =260 ##$$a Yogyakarta $b Andi $c 2013 =300 ##$$a xvi, 88 hlm. : $b ilus. ; $c 21 cm =500 ##$$a Bibliografi : hlm 87 - 88 =650 ##$$a Pelayanan Publik =700 ##$$a R. Anggraeni Fajriani =850 ##$$a NBPDMAT =990 ##$$a 21600765 =990 ##$$a 21600766 =990 ##$$a 21600767 =990 ##$$a 21600768 =990 ##$$a 21600769 =990 ##$$a 0001/BPAP-NTB/2016 =990 ##$$a 0001/BPAP-NTB/2016 =990 ##$$a 0001/BPAP-NTB/2016 =990 ##$$a 0001/BPAP-NTB/2016 =990 ##$$a 0001/BPAP-NTB/2016